Billy & Joe (Record no. 9918)

MARC details
000 -LEADER
campo de control de longitud fija 00924nam a2200277 i 4500
001 - NÚMERO DE CONTROL
campo de control 9918
003 - IDENTIFICADOR DE NÚMERO DE CONTROL
campo de control ES-MaACL
005 - FECHA Y HORA DE LA ÚLTIMA TRANSACCIÓN
campo de control 20230906145801.0
007 - CAMPO FIJO DE DESCRIPCIÓN FÍSICA--INFORMACIÓN GENERAL
campo de control de longitud fija t|
008 - DATOS DE LONGITUD FIJA--INFORMACIÓN GENERAL
campo de control de longitud fija 940509s1994 sp ||||1| spa d
020 ## - NÚMERO INTERNACIONAL ESTÁNDAR DEL LIBRO
Número Internacional Estándar del Libro 84-86702-02-X
080 ## - NÚMERO DE LA CLASIFICACIÓN DECIMAL UNIVERSAL
Número de la Clasificación Decimal Universal 791.44.071.1 Wilder, Billy
080 ## - NÚMERO DE LA CLASIFICACIÓN DECIMAL UNIVERSAL
Número de la Clasificación Decimal Universal 791.44.071.1 Mankiewicz, Joseph L.
100 1# - ENTRADA PRINCIPAL--NOMBRE DE PERSONA
Nombre de persona Ciment, Michel.
9 (RLIN) 38841
245 10 - MENCIÓN DEL TÍTULO
Título Billy & Joe
Resto del título : conversaciones con Billy Wilder y Joseph L. Mankiewicz /
Mención de responsabilidad, etc. Michel Ciment ; [traducción, David Rodríguez Trueba].
250 ## - MENCION DE EDICION
Mención de edición [2a. ed.].
260 ## - PUBLICACIÓN, DISTRIBUCIÓN, ETC.
Lugar de publicación, distribución, etc. Madrid :
Nombre del editor, distribuidor, etc. Plot,
Fecha de publicación, distribución, etc. 1994.
300 ## - DESCRIPCIÓN FÍSICA
Extensión 144 p. :
Otras características físicas fot. ;
Dimensiones 24 cm.
500 ## - NOTA GENERAL
Nota general Indice.
600 14 - PUNTO DE ACCESO ADICIONAL DE MATERIA--NOMBRE DE PERSONA
Nombre de persona Wilder, Billy-
Subdivisión general Entrevistas.
9 (RLIN) 116829
600 14 - PUNTO DE ACCESO ADICIONAL DE MATERIA--NOMBRE DE PERSONA
Nombre de persona Mankiewicz, Joseph L.-
Subdivisión general Entrevistas.
9 (RLIN) 76037
700 1# - ENTRADA AGREGADA--NOMBRE PERSONAL
Nombre de persona Rodríguez Trueba, David.
9 (RLIN) 98844
700 1# - ENTRADA AGREGADA--NOMBRE PERSONAL
Nombre de persona Wilder, Billy.
9 (RLIN) 116828
700 1# - ENTRADA AGREGADA--NOMBRE PERSONAL
Nombre de persona Mankiewicz, Joseph L.
9 (RLIN) 76036
852 ## - LOCALIZACIÓN
Ubicación ES-MaACL
Número de control de estantería L-17350
Sublocalización o colección R.122540
Holdings
Estatus retirado Estado de pérdida Estado de daño No para préstamo Biblioteca de origen Biblioteca actual Ubicación en estantería Fecha de adquisición Fuente de adquisición Total de préstamos Signatura topográfica completa Código de barras Visto por última vez Precio de reemplazo Tipo de ítem Koha
        Biblioteca del Ateneo de Madrid Biblioteca del Ateneo de Madrid Depósito 2 17/01/2008     L-17350 1010125 23/02/2023 23/02/2023 Libro impreso